000 00356nam a2200145 i 4500
001 bg
100 1 _aWIĘCKIEWICZ, Henryk
245 0 _aSprężarki wyporowe /
_cHenruk Więckiewicz, Leszek Cantek.
260 _aGdańsk,
_c1978.
700 1 _aCANTEK, Leszek
040 _cBPK
041 _apol
942 _cKS
008 s pl f |000 0 pol
999 _c9877
_d9877
856 _uhttp://koha.tu.koszalin.pl/cgi-bin/koha/opac-detail.pl?biblionumber=9877
_yKatalog online BPK